| 000 | 00632nam a2200241Ia 4500 | ||
|---|---|---|---|
| 003 | OSt | ||
| 005 | 20221002051238.0 | ||
| 006 | a|||||r|||| 00| 0 | ||
| 007 | ta | ||
| 008 | 220930b |||||||| |||| 00| 0 eng d | ||
| 024 | _a25617 | ||
| 037 | _cReference Collections | ||
| 040 |
_aCRL _cCRL _beng |
||
| 041 |
_2eng _aeng |
||
| 082 | _aU23.1'N7, L1(RR) | ||
| 111 |
_aCHANCELLOR COLLEGE, GEOGRAPHICAL SOCIETY _9572274 |
||
| 245 | 0 | _aDziko no.3 September 1971 | |
| 260 | _c1971 | ||
| 300 |
_a52P. _ccm. |
||
| 650 | _aGEOGRAPHY | ||
| 942 |
_hU23.1'N7, L1(RR) _cref _2CC |
||
| 999 |
_c916333 _d916333 |
||